000 00892cab a2200217 4500
001 L136274
008 070122n2007 000 0 eng u
035 _a(Sirsi) u136274
041 0 _aeng
100 1 _aCavanagh, Elaine
245 0 0 _aFocus Hertfordshire
260 _c2007
490 0 _aEstates Gazette
_v(0703) 20 January 2007, 97-115(10)
520 _aCovers the new mixed-use development scheme planned for Stevenage town centre, the return of businesses to the area one year on from the Buncefield explosion with details of Hertfordshire office rents, take-up and supply, and a masterplan aimed at reinvigorating the area and its role as a key distribution and industrial location. Graphs.
590 _aKA
651 4 _aHERTFORDSHIRE
690 _aPROPERTY-COMMERCIAL PROPERTY-COMMERCIAL PROPERTY MARKET
700 1 _aTaylor, Andrew
700 1 _aJack, Simon
942 _n0
999 _c78222
_d78222